Colors: No Vowels - Statistics

General Stats
  • This quiz has been taken 172 times
  • The average score is 16 of 22
Answer Stats
Hint Color % Correct
RD Red
99%
BL Blue
98%
PRPL Purple
97%
GRN Green
96%
WHT White
95%
GLD Gold
94%
LVNDR Lavender
93%
SLVR Silver
93%
RNG Orange
89%
TL Teal
87%
MRN Maroon
85%
SCRLT Scarlet
85%
CRMSN Crimson
83%
CN Cyan
71%
PRWNKL Periwinkle
69%
NV Navy
68%
QMRN Aquamarine
49%
MHGN Mahogany
48%
PRCT Apricot
39%
CHRTRS Chartreuse
35%
CRLN Cerulean
32%
SNN Sienna
31%
No matching quizzes found
Score Distribution
Percent of People with Each Score
Percentile by Number Answered
Your Score History
You have not taken this quiz